Statistics for Cate Blanchett Filmography

Click here to take the quiz!

General Stats

  • This quiz has been taken 319 times
    (21 since last reset)
  • The average score is 27 of 131

Answer Stats

TypeYearName% Correct
Commercial2016Blu eCigs
67%
Film2015Carol
67%
Film1998Elizabeth
67%
Film2022TÁR
67%
Film2008The Curious Case of Benjamin Button
67%
Film2017Thor: Ragnarok
67%
Film2013Blue Jasmine
62%
Film2021Nightmare Alley
57%
Film2018Ocean's 8
57%
Film2006Notes on a Scandal
52%
Film2004The Aviator
52%
Film2002The Lord of the Rings: The Two Towers
52%
Film2021Don't Look Up
48%
TV Mini-Series2020Mrs. America
48%
Film2012The Hobbit: An Unexpected Journey
48%
Film1999The Talented Mr. Ripley
48%
Film2006Babel
43%
Film2015Cinderella
43%
Film2007Elizabeth: The Golden Age
43%
Film2007I'm Not There
43%
Film2014The Hobbit: The Battle of the Five Armies
43%
Film2013The Hobbit: The Desolation of Smaug
43%
Film2001The Lord of the Rings: The Fellowship of the Ring
43%
Film2003The Lord of the Rings: The Return of the King
43%
Film2024Borderlands
33%
Film2014The Monuments Men
33%
Film2019Where'd You Go, Bernadette
33%
Film2001Bandits
29%
Film2011Hanna
29%
Film2014How to Train Your Dragon 2
29%
Film2019How to Train Your Dragon: The Hidden World
29%
Film2010Robin Hood
29%
Film2018The House with a Clock in Its Walls
29%
Film2004The Life Aquatic with Steve Zissou
29%
Film2007Hot Fuzz
24%
Film2018Mowgli: Legend of the Jungle
24%
TV Mini-Series2020Stateless
24%
Film2000The Gift
24%
Film2001Charlotte Gray
19%
TV Show2012Family Guy
19%
Commercial2014-PresentGiorgio Armani
19%
Film2022Guillermo del Toro's Pinocchio
19%
Film2005Little Fish
19%
Film2015Manifesto
19%
Film1997Oscar and Lucinda
19%
Film2009Ponyo
19%
Film1999Pushing Tin
19%
Film2006The Good German
19%
Film2023The New Boy
19%
Film2022The School for Good and Evil
19%
Theater2010-2012Uncle Vanya
19%
Film2003Veronica Guerin
19%
Web Series2023What If...?
19%
Short Film2012A Cautionary Tail
14%
Film2003Coffee and Cigarettes
14%
TV Show2019, 2022Documentary Now!
14%
Short Film2016Earthflight: A 3D Journey
14%
Film2022Evolver
14%
Film1999Eyes Wide Shut
14%
TV Mini-Series1994Heartland
14%
Film2002Heaven
14%
Film2008Indiana Jones and the Kingdom of the Crystal Skull
14%
Film2015Knight of Cups
14%
Film1996Parklands
14%
FilmTBARumours
14%
TV Show2021Staged
14%
Film2000The Man Who Cried
14%
Film2003The Missing
14%
Theater1997The Seagull
14%
Film2001The Shipping News
14%
TV Show2020The Simpsons
14%
Music Video2016The Spoils
14%
Film2013The Turning
14%
Theater1999The Vagina Monologues
14%
Short Film2018Uncanny Valley
14%
Documentary2016Voyage of Time
14%
Film1999An Ideal Husband
10%
Theater2009A Streetcar Named Desire
10%
Short Film1999Bangers
10%
FilmTBABlack Bag
10%
TV Mini-Series1995Bordertown
10%
Podcast2022Climate of Change with Kate Blanchett and Danny Kennedy
10%
Video Game2019DreamWorks Dragons: Dawn of New Riders
10%
FilmTBAFather, Mother, Sister, Brother
10%
Documentary Series2023Frontline
10%
Theater1994-1995Hamlet
10%
Theater2004, 2006Hedda Gabbler
10%
Documentary Series2020Homemade
10%
Web Mini-Series2020James and the Giant Peach with Taika and Friends
10%
Short Documentary2013Journey to the South Pacific
10%
Short Film2013Making a Scene
10%
Theater1993Oleanna
10%
Film1997Paradise Road
10%
TV Show1993Police Rescue
10%
TV Show2014Rake
10%
Short Film2017Red
10%
Film2017Song to Song
10%
Short Film2019Sweet Tooth
10%
Film1997Thank God He Met Lizzie
10%
Short Film2023The Fundraiser
10%
Documentary2013The Galapagos Affair
10%
Music Video2023The Girl Is Crying in Her Latte
10%
Film2011The Last Time I Saw Michael Gregg
10%
Theater2015-2017The Present
10%
Theater1995The Tempest
10%
Theater2009The War of the Roses
10%
Film2015Truth
10%
Documentary2022Ukraine: Life Under Attack
10%
Theater2019When We Have Sufficiently Tortured Each Other
10%
Award Show20154th AACTA Awards
5%
Theater2006A Kind of Alaska
5%
FilmTBAA Manual for Cleaning Women
5%
CommercialMid 1990sArnott's Tim Tam Biscuits
5%
Theater2011Big and Little
5%
Theater2007Blackbird
5%
TV Mini-SeriesTBABrideshead Revisited
5%
Web Mini-Series2024Disclaimer
5%
Theater1992Electra
5%
Documentary Series2021Eli Roth's History of Horror
5%
Documentary2013Girl Rising
5%
Documentary2007In the Company of Actors
5%
Theater1993Kafka Dances
5%
Documentary Series2023Liv Ullman: A Road Less Travelled
5%
Documentary Series2008Monarchy: The Royal Family at Work
5%
Theater1999Plenty
5%
Short Documentary2016Refugee
5%
Short Documentary2019Stuart X
5%
Theater1995Sweet Phoebe
5%
Theater1995The Blind Giant is Dancing
5%
Theater2013The Maids
5%
Theater1992Top Girls
5%

Score Distribution

Percentile by Number Answered

Percent of People with Each Score

Your Score History

You have not taken this quiz since the last reset